000 01824cam a22004694i 4500
003 PE-LiUPU
005 20250731172955.0
008 150616s r 000 0 d
020 _a842840545X
035 _a(Sirsi) i9788428405454
040 _aPE-LiUPU
_bspa
_cPE-LiUPU
_erda
049 _aPRUA
082 0 4 _a253.7
_bH22
_221
100 1 _aHäring, Bernardo,
_eautor.
245 1 0 _aMoral y evangelización del mundo de hoy /
_cBernardo Häring.
264 1 _aMadrid :
_bPS Editorial,
_c1974.
300 _a159 páginas ;
_c20 centímetros
336 _atext
_2rdacontent
337 _aunmediated
_2rdamedia
338 _avolume
_2rdacarrier
490 0 _aColección "Evangelización ;
_v31
505 0 _aProblema de impostación: evangelización del mundo contemporáneo -- Moral de la evangelización -- Evangelización de la moral -- Respuesta a un mundo crítico -- Respuesta a un mundo dinámico -- Evangelización de un mundo necesitado de liberación -- Liberación de una época de éxodo -- Evangelización de un mundo dividido: el evangelio de la reconciliación.
526 _aSEG42
526 _aSEG41
526 _aSEG40
526 _aSEG39
526 _aP94
526 _aP87
526 _aP86
526 _aP85
526 _aP77
526 _aP76
526 _aP35
650 0 4 _aEvangelización.
910 _ajck
_bjvq
_cjck
942 _2ddc
_cBOOK
949 _a253.7 H22
_wDEWEY
_c1
_i17427
_lCCODEBUL1
_mBUL
_r0
_sY
_tBOOK
_u2015-6-16
_xTEOLOGIA
_zUNKNOWN
_0COMPRA
_o.STAFF. Colección General
994 _aC0
_bPEPRU
596 _a1
999 _a253.7 H22
_wDEWEY
_c22114
_i17427
_f2021-11-12
_g5
_lCCODEBUL1
_mBUL
_r0
_sY
_tBOOK
_u2015-6-16
_xTEOLOGIA
_zUNKNOWN
_0COMPRA
_o.STAFF. Colección General
_d22114
980 _81
_gALBERTO SANCHEZ Responsable de Automatización